Správa daní zákon č. 563/2009 Z.z. o správe daní (daňový poriadok) a o zmene a doplnení niektorých zákonov v znení zákona č. 267/2017 Z.z. a zákona č. 344/2017 Z.z.

Úplné znenie zákona s komentárom a ilustračnýmí príkladmi.

Na minha lista:
Detalhes bibliográficos
Autor principal: Beňová, Marcela
Outros Autores: Gašparovičová, Adela, Čerbová, Jarmila, Maderová, Ľudmila, Ney, Ingrid, Mišánková, Alena
Formato: Capítulo de Livro
Idioma:eslovaco
Assuntos:
Tags: Adicionar Tag
Sem tags, seja o primeiro a adicionar uma tag!

MARC

LEADER 00000naa a2200000 4500
001 0242216
005 20180423100826.7
041 0 |a slo 
044 |a SK 
245 1 0 |a Správa daní  |b zákon č. 563/2009 Z.z. o správe daní (daňový poriadok) a o zmene a doplnení niektorých zákonov v znení zákona č. 267/2017 Z.z. a zákona č. 344/2017 Z.z.  |c Marcela Beňová, Adela Gašparovičová, Jarmila Čerbová, Ľudmila Maderová, Ingrid Ney, Alena Mišánková 
520 |a Úplné znenie zákona s komentárom a ilustračnýmí príkladmi. 
610 2 0 |a novelizácia 
610 2 0 |a Slovensko 
610 2 0 |a zákony 
610 2 0 |a správa daňová 
610 2 0 |a poriadok daňový 
100 1 |a Beňová, Marcela 
700 1 |a Gašparovičová, Adela 
700 1 |a Čerbová, Jarmila 
700 1 |a Maderová, Ľudmila 
700 1 |a Ney, Ingrid 
700 1 |a Mišánková, Alena